Pays mystère #1 - Statistiques

Statistiques générales
  • Ce quiz a été pris 646 fois
    188 depuis la dernière actualisation
  • Le résultat moyen est 5 sur 5
Statistiques - réponses
Indices pays % Correct
C'est un pays d'Afrique. Algérie | Angola | Bénin | Botswana | Burkina Faso | Burundi | Cape-Vert | Cameroun | République centrafricaine | Comores | Congo | République démocratique du Congo | Côte d'Ivoire | Djibouti | Égypte | Érythrée | Eswatini | Éthiopie | Gabon | Gambie | Ghana | Guinée | Guinée-Bissau | Guinée équatoriale | Kenya | Lesotho | Liberia | Libye | Madagascar | Malawi | Mali | Maroc | Maurice | Mauritanie | Mozambique | Namibie | Niger | Nigeria | Ouganda | Rwanda | Sao Tomé-et-Principe | Sénégal | Seychelles | Sierra Leone | Somalie | Soudan | Soudan du Sud | Afrique du Sud | Tanzanie | Tchad | Togo | Tunisie | Zambie | Zimbabwe
100%
...Qui contient un croissant dansson drapeau. Algérie | Comores | Libye | Mauritanie | Tunisie
94%
...Qui contient du rouge dansson drapeau. Algérie | Tunisie | Comores | Libye
94%
...Il se situe au nord d'Afrique Algérie | Tunisie | Libye
93%
...Il fait partie du Top 10 des paysles plus grand du monde. Algérie
92%
Aucun quiz correspondant
Distribution des résultats
% des personnes avec chaque résultat
Percentile par nombre de réponses
Votre historique - résultats
Vous n’avez pas pris ce quiz depuis la dernière actualisation